National Assembly Library of Thailand

ระบบการเมืองการปกครองฝรั่งเศส (ระเบียนเลขที่ 9997)

รายละเอียดในรูปแบบ MARC
000 -LEADER
fixed length control field 01004nam a22002417a 4500
005 - DATE AND TIME OF LATEST TRANSACTION
control field 20251125232825.0
008 - FIXED-LENGTH DATA ELEMENTS--GENERAL INFORMATION
fixed length control field s2543 th tha d
020 ## - INTERNATIONAL STANDARD BOOK NUMBER
International Standard Book Number 9748768112
040 ## - CATALOGING SOURCE
Original cataloging agency NALT
041 ## - LANGUAGE CODE
Language code of text/sound track or separate title tha
050 ## - LIBRARY OF CONGRESS CALL NUMBER
Classification number JN2451 ก767ร 2543
100 0# - MAIN ENTRY--PERSONAL NAME
Personal name เกรียงไกร เจริญธนาวัฒน์
245 10 - TITLE STATEMENT
Title ระบบการเมืองการปกครองฝรั่งเศส
260 3# - PUBLICATION, DISTRIBUTION, ETC.
Place of publication, distribution, etc. กรุงเทพฯ :
Name of publisher, distributor, etc. สถาบันพระปกเกล้า,
Date of publication, distribution, etc. 2543
300 ## - PHYSICAL DESCRIPTION
Extent 153 หน้า ;
Other physical details 21 ซม.
650 04 - SUBJECT ADDED ENTRY--TOPICAL TERM
Topical term or geographic name entry element Constitutions -- France
650 04 - SUBJECT ADDED ENTRY--TOPICAL TERM
Topical term or geographic name entry element ฝรั่งเศส -- การเมืองและการปกครอง
650 04 - SUBJECT ADDED ENTRY--TOPICAL TERM
Topical term or geographic name entry element รัฐธรรมนูญ -- ฝรั่งเศส
850 ## - HOLDING INSTITUTION
Holding institution NALT
856 40 - ELECTRONIC LOCATION AND ACCESS
Uniform Resource Identifier <a href="https://hdl.handle.net/20.500.14156/393007">https://hdl.handle.net/20.500.14156/393007</a>
-- 1
942 ## - ADDED ENTRY ELEMENTS (KOHA)
Koha item type General Book
Source of classification or shelving scheme Library of Congress Classification
Koha issues (borrowed), all copies 7
998 ## - LOCAL CONTROL INFORMATION (RLIN)
-- 111
-- นางสาวพจพิณ พรมเอี่ยม
รายการที่มีในห้องสมุด
Withdrawn status Lost status Damaged status Not for loan Collection code Home library Current library Shelving location Cost, normal purchase price Total Checkouts Full call number Barcode Date last seen Cost, replacement price Price effective from Koha item type Copy number Date acquired Total Renewals Date last checked out
      Not for Loan General Book collection National Assembly Library of Thailand National Assembly Library of Thailand Parliament Building 2 200.00   JN 2451 ก767ร 2543 3961182047 09/06/2017 250.00 09/06/2017 General Book        
      Not for Loan General Book collection National Assembly Library of Thailand National Assembly Library of Thailand Parliament Building 2 200.00   JN 2451 ก767ร 2543 3961140696 09/06/2017 250.00 09/06/2017 General Book ฉ. 1      
        General Book collection National Assembly Library of Thailand National Assembly Library of Thailand   200.00 3 JN 2451 ก767ร 2543 3961140697 02/09/2025 250.00 09/06/2017 General Book ฉ. 2 24/03/2023 1 28/04/2025
        General Book collection National Assembly Library of Thailand National Assembly Library of Thailand   200.00 4 JN 2451 ก767ร 2543 3961140698 21/05/2025 250.00 09/06/2017 General Book ฉ. 3 25/05/2022 3 07/05/2025
หอสมุดรัฐสภา
สำนักงานเลขาธิการสภาผู้แทนราษฎร เลขที่ 1111 ถนนสามเสน แขวงถนนนครไชยศรี เขตดุสิต กรุงเทพฯ 10300
The Secretariat of the House of Representatives 1111 Samsen Road, Thanon Nakhon Chai Si, Dusit, Bangkok 10300, THAILAND
โทรศัพท์: +66(0) 2242 5900 ต่อ 5714-5 โทรสาร: +66(0) 2242 5990 อีเมล: [email protected]